The diseases of the endocrine glands /

Bibliographic Details
Main Author: Zondek, Hermann, 1887-1979
Other Authors: Prausnitz Giles, Carl, 1876-
Format: Book
Language:English
Undetermined
Published: Baltimore : W. Wood & company, 1935.
Edition:3d ed. rev. and enl.
Subjects:

MARC

Tag First Indicator Second Indicator Subfields
LEADER 00000cam a2200000 4500
001 in00000032540
005 20151007061806.0
008 800630s1935 mdua b 00010 engm
010 |a  35029183  
035 |a (OCoLC)06472707 
035 |9 AAD3089AM 
040 |a DLC  |c TXA  |d TXA  |d UtOrBLW 
041 1 |a eng  |a und 
049 |a TXAM  |c [64200] 
050 0 |a RC648  |b .Z62 1935 
082 0 |a 616.4 
092 |a 616.4  |b Z87d3 
100 1 |a Zondek, Hermann,  |d 1887-1979. 
245 1 4 |a The diseases of the endocrine glands /  |c by Hermann Zondek ... 
250 |a 3d ed. rev. and enl.  |b Translated by Carl Prausnitz ... 
264 1 |a Baltimore :  |b W. Wood & company,  |c 1935. 
300 |a xi, 492 pages :  |b illustrations, diagrams ;  |c 25 cm. 
336 |a text  |b txt  |2 rdacontent 
337 |a unmediated  |b n  |2 rdamedia 
338 |a volume  |b nc  |2 rdacarrier 
500 |a Printed in Great Britain. 
504 |a Bibliography: pages 446-477. 
650 0 |a Endocrine glands  |x Diseases. 
700 1 |a Prausnitz Giles, Carl,  |d 1876- 
999 |a MARS 
999 f f |s 828573ec-2a2d-39d4-90d6-6a6db3f90c7b  |i 840b69b7-0afe-30ce-8691-9b01004d5067  |t 0 
952 f f |p ric  |a Texas A&M University  |b Rellis Campus  |c Joint Library Facility  |d Remote Storage  |t 0  |e RC648 .Z62 1935  |h Library of Congress classification  |i unmediated -- volume  |m A14801031027 
998 f f |a RC648 .Z62 1935  |t 0  |l Remote Storage